000 00720cam a22002531 4500
999 _c6628
_d6628
001 10272616
003 GBCCL
005 20241126110607.0
008 730206s1956 pau 000 0 eng
010 _a 56006172
035 _a(OCoLC)552643
040 _aDLC
_cOYU
_dOCoLC
_dDLC
042 _apremarc
050 0 0 _aBV600
_b.B852
082 _a262
_bBRO
100 1 _aBrown, Robert McAfee,
_d1920-2001.
_94039
245 1 4 _aThe significance of the church /
_cRobert McAfee Brown
260 _aPhiladelphia:
_bWestminster Press,
_c[1956]
300 _a96 p.
_c19 cm.
490 0 _aLayman's theological library
650 0 _aChurch.
_9263
906 _a7
_bcbc
_coclcrpl
_du
_encip
_f19
_gy-gencatlg
942 _2ddc
_cBK
_01